| 000 | 01628nam a22003257a 4500 | ||
|---|---|---|---|
| 005 | 2010101908158.0 | ||
| 008 | 101019t xxu||||| |||| 00| 0 hin d | ||
| 010 | _aHIN-96238 B-490602 | ||
| 020 |
_c200.00 _a9789381467381 |
||
| 035 | _aHN-68584 B-490602 | ||
| 037 | _bDBAD / PUB | ||
| 037 | _bप्रकाशन संस्थान | ||
| 040 |
_aDPL _bHN |
||
| 082 | _a070 | ||
| 100 |
_923632 _aकालिया,ममता |
||
| 245 |
_aमेरे साक्षात्कार / _cममता कालिया |
||
| 260 |
_aनई दिल्ली _bकिताबघर प्रकाशन _c2012 |
||
| 270 |
_bनई दिल्ली _a4855-56, 24, अंसारी रोड़,दरिया गंज _e110002 |
||
| 300 | 1 |
_a128पृ. _c22सेमी (सजिल्द) |
|
| 490 |
_aमेरे साक्षात्कार सीरीज़ _955305 |
||
| 650 | _9657 | ||
| 650 | _934273 | ||
| 700 | _948690 | ||
| 710 | _934811 | ||
| 710 | _935049 | ||
| 942 |
_2ddc _cHN _mकालिया _h070 |
||
| 999 |
_c67701 _d67701 |
||